| 000 | 00363nam a2200145Ia 4500 | ||
|---|---|---|---|
| 008 | 240624s9999 xx 000 0 und d | ||
| 041 | _aeng | ||
| 082 | _a332.1 SET | ||
| 100 | _aSETHI JYOTSNA | ||
| 245 | _aELEMENTS OF BANKING AND INSURANCE | ||
| 250 | _a(2nd ed.) | ||
| 260 |
_c2015 _aNew Delhi _bPHI |
||
| 300 | _axvi, : 472 : p. : cm. ; 24 | ||
| 365 |
_cRS _b33 |
||
| 999 |
_c24465 _d24465 |
||